<?xml version="1.0" encoding="UTF-8"?>
<record
    xmlns:xsi="http://www.w3.org/2001/XMLSchema-instance"
    xsi:schemaLocation="http://www.loc.gov/MARC21/slim http://www.loc.gov/standards/marcxml/schema/MARC21slim.xsd"
    xmlns="http://www.loc.gov/MARC21/slim">

  <leader>02559nam a2200373 i 4500</leader>
  <controlfield tag="003">DO-SdBNP</controlfield>
  <controlfield tag="005">20251015142816.0</controlfield>
  <controlfield tag="007">ta</controlfield>
  <controlfield tag="008">250711b2025    dr ||||| |||| 00| 0 spa d</controlfield>
  <datafield tag="020" ind1=" " ind2=" ">
    <subfield code="a">9789945942637</subfield>
  </datafield>
  <datafield tag="040" ind1=" " ind2=" ">
    <subfield code="a">DO-SdBNP</subfield>
    <subfield code="b">spa</subfield>
    <subfield code="c">BNPHU</subfield>
    <subfield code="e">rda</subfield>
  </datafield>
  <datafield tag="041" ind1=" " ind2=" ">
    <subfield code="a">spa</subfield>
  </datafield>
  <datafield tag="082" ind1=" " ind2="4">
    <subfield code="a">325.217293</subfield>
    <subfield code="b">R426p </subfield>
    <subfield code="2">22</subfield>
  </datafield>
  <datafield tag="110" ind1="1" ind2=" ">
    <subfield code="a">Rep&#xFA;blica Dominicana.</subfield>
    <subfield code="b">Instituto de Dominicanos y Dominicanas en el Exterior</subfield>
    <subfield code="9">88325</subfield>
  </datafield>
  <datafield tag="245" ind1="1" ind2="0">
    <subfield code="a">Pol&#xED;ticas p&#xFA;blicas para la movilidad humana y la emigraci&#xF3;n :</subfield>
    <subfield code="b">una mirada desde la Rep&#xFA;blica Dominicana /</subfield>
    <subfield code="c">Presentaci&#xF3;n, Carlos De la Mota ; introducci&#xF3;n, Pablo Asencio Garc&#xED;a. </subfield>
  </datafield>
  <datafield tag="264" ind1=" " ind2="4">
    <subfield code="a">Santo Domingo, Rep&#xFA;blica Dominicana :</subfield>
    <subfield code="b">Instituto de Dominicanos y Dominicanas en el Exterior, </subfield>
    <subfield code="c">&#xA9;2025</subfield>
  </datafield>
  <datafield tag="300" ind1=" " ind2=" ">
    <subfield code="a">92 p&#xE1;ginas ;</subfield>
    <subfield code="c">23 cm.</subfield>
  </datafield>
  <datafield tag="336" ind1=" " ind2=" ">
    <subfield code="a">texto</subfield>
    <subfield code="b">txt</subfield>
    <subfield code="2">rdacontent</subfield>
  </datafield>
  <datafield tag="337" ind1=" " ind2=" ">
    <subfield code="a">sin mediaci&#xF3;n </subfield>
    <subfield code="b">n</subfield>
    <subfield code="2">rdamedia</subfield>
  </datafield>
  <datafield tag="338" ind1=" " ind2=" ">
    <subfield code="a">volumen</subfield>
    <subfield code="b">nc</subfield>
    <subfield code="2">rdacarrier</subfield>
  </datafield>
  <datafield tag="500" ind1=" " ind2=" ">
    <subfield code="a">Incluye bibliograf&#xED;a al final de los cap&#xED;tulos</subfield>
  </datafield>
  <datafield tag="505" ind1=" " ind2=" ">
    <subfield code="a">Presentaci&#xF3;n /</subfield>
    <subfield code="r">Carlos De la Mota --</subfield>
    <subfield code="t">Introducci&#xF3;n /</subfield>
    <subfield code="r">Pablo Asencio Garc&#xED;a --</subfield>
    <subfield code="t">Pasado, presente y futuro de la pol&#xED;tica hacia el dominicano residente en el exterior /</subfield>
    <subfield code="r">Pablo Asencio Garc&#xED;a --</subfield>
    <subfield code="t">Comportamiento del voto en el exterior en las elecciones dominicana (2004-2024) /</subfield>
    <subfield code="r">Mario Gallego Cosme --</subfield>
    <subfield code="r">Lissa P&#xE9;rez Patrocino --</subfield>
    <subfield code="t">Hacia un espacio com&#xFA;n de educaci&#xF3;n superior para Latinoam&#xE9;rica, El Caribe y la Uni&#xF3;n Europea /</subfield>
    <subfield code="r">Pablo Asencio Garc&#xED;a --</subfield>
    <subfield code="t">Retos y oportunidades para libre movilidad de las personas en el &#xE1;mbito del sistema de la integraci&#xF3;n centroamericana /</subfield>
    <subfield code="r">Lissa P&#xE9;rez Patrocino --</subfield>
    <subfield code="r">Bryan V&#xE1;squez --</subfield>
    <subfield code="r">Mario Gallego Cosme --</subfield>
    <subfield code="t">Nomadismo digital y Rep&#xFA;blica Dominicana: Desaf&#xED;os y oportunidades en la era del trabajo remoto --</subfield>
    <subfield code="r">Mario Gallego Cosme --</subfield>
    <subfield code="t">Anexo 1: Fuentes de datos migratorios y sobre emigrantes radicados en los principales destinos de residencia de los dominicanos en el exterior /</subfield>
    <subfield code="r">Annabelle Patricia Tarazona Paredes --</subfield>
    <subfield code="t">0</subfield>
    <subfield code="r">0</subfield>
  </datafield>
  <datafield tag="590" ind1=" " ind2=" ">
    <subfield code="a">Inventariado, 2025 /LP</subfield>
  </datafield>
  <datafield tag="650" ind1=" " ind2="0">
    <subfield code="a">Pol&#xED;tica gubernamental</subfield>
    <subfield code="9">79140</subfield>
    <subfield code="z">Rep&#xFA;blica Dominicana</subfield>
  </datafield>
  <datafield tag="650" ind1=" " ind2=" ">
    <subfield code="a">Emigraci&#xF3;n e Inmigraci&#xF3;n </subfield>
    <subfield code="z">Rep&#xFA;blica Dominicana</subfield>
    <subfield code="9">85485</subfield>
  </datafield>
  <datafield tag="700" ind1="1" ind2=" ">
    <subfield code="a">Asencio Garc&#xED;a, Pablo,</subfield>
    <subfield code="e">autor</subfield>
    <subfield code="4">aut.</subfield>
    <subfield code="9">84116</subfield>
  </datafield>
  <datafield tag="700" ind1="1" ind2=" ">
    <subfield code="a">Cosme, Mario,</subfield>
    <subfield code="e">autor</subfield>
    <subfield code="4">aut.</subfield>
    <subfield code="9">88326</subfield>
  </datafield>
  <datafield tag="700" ind1="1" ind2=" ">
    <subfield code="a">P&#xE9;rez Patrocino, Lissa,</subfield>
    <subfield code="e">autor</subfield>
    <subfield code="4">aut.</subfield>
    <subfield code="9">84114</subfield>
  </datafield>
  <datafield tag="700" ind1="1" ind2=" ">
    <subfield code="a">Polanco Reynoso, Oscar,</subfield>
    <subfield code="e">autor</subfield>
    <subfield code="4">aut.</subfield>
    <subfield code="9">88327</subfield>
  </datafield>
  <datafield tag="700" ind1="1" ind2=" ">
    <subfield code="a">Tarazona Paredes, Annabelle Patricia,</subfield>
    <subfield code="e">autor</subfield>
    <subfield code="4">aut.</subfield>
    <subfield code="9">88328</subfield>
  </datafield>
  <datafield tag="700" ind1="1" ind2=" ">
    <subfield code="a">V&#xE1;squez, Bryan,</subfield>
    <subfield code="e">autor</subfield>
    <subfield code="4">aut.</subfield>
    <subfield code="9">85489</subfield>
  </datafield>
  <datafield tag="910" ind1=" " ind2=" ">
    <subfield code="a">LP. Validado. Control de calidad/ MAA</subfield>
  </datafield>
  <datafield tag="942" ind1=" " ind2=" ">
    <subfield code="2">ddc</subfield>
    <subfield code="c">LBS1</subfield>
  </datafield>
  <datafield tag="952" ind1=" " ind2=" ">
    <subfield code="0">0</subfield>
    <subfield code="1">0</subfield>
    <subfield code="2">ddc</subfield>
    <subfield code="5">1</subfield>
    <subfield code="7">0</subfield>
    <subfield code="8">PD</subfield>
    <subfield code="a">BNPHU</subfield>
    <subfield code="b">BNPHU</subfield>
    <subfield code="c">HD</subfield>
    <subfield code="d">2025-05-23</subfield>
    <subfield code="e">Dep&#xF3;sito Legal</subfield>
    <subfield code="l">0</subfield>
    <subfield code="o">BNPHU PD 325.217293 R426p</subfield>
    <subfield code="p">2025-6427</subfield>
    <subfield code="r">2025-07-11</subfield>
    <subfield code="w">2025-07-11</subfield>
    <subfield code="y">LBS1</subfield>
  </datafield>
  <datafield tag="952" ind1=" " ind2=" ">
    <subfield code="0">0</subfield>
    <subfield code="1">0</subfield>
    <subfield code="2">ddc</subfield>
    <subfield code="5">1</subfield>
    <subfield code="7">0</subfield>
    <subfield code="8">PD</subfield>
    <subfield code="a">BNPHU</subfield>
    <subfield code="b">BNPHU</subfield>
    <subfield code="c">HD</subfield>
    <subfield code="d">2025-05-23</subfield>
    <subfield code="e">Dep&#xF3;sito Legal</subfield>
    <subfield code="l">0</subfield>
    <subfield code="o">BNPHU PD 325.217293 R426p</subfield>
    <subfield code="p">2025-6428</subfield>
    <subfield code="r">2025-07-11</subfield>
    <subfield code="t">e.2</subfield>
    <subfield code="w">2025-07-11</subfield>
    <subfield code="y">LBS1</subfield>
  </datafield>
  <datafield tag="952" ind1=" " ind2=" ">
    <subfield code="0">0</subfield>
    <subfield code="1">0</subfield>
    <subfield code="2">ddc</subfield>
    <subfield code="5">6</subfield>
    <subfield code="7">0</subfield>
    <subfield code="8">DS</subfield>
    <subfield code="a">BNPHU</subfield>
    <subfield code="b">BNPHU</subfield>
    <subfield code="c">HD</subfield>
    <subfield code="d">2025-05-23</subfield>
    <subfield code="e">Dep&#xF3;sito Legal</subfield>
    <subfield code="l">0</subfield>
    <subfield code="o">BNPHU DS 325.217293 R426p</subfield>
    <subfield code="p">2025-6429</subfield>
    <subfield code="r">2025-07-11</subfield>
    <subfield code="t">e.3</subfield>
    <subfield code="w">2025-07-11</subfield>
    <subfield code="y">LBS1</subfield>
  </datafield>
  <datafield tag="952" ind1=" " ind2=" ">
    <subfield code="0">0</subfield>
    <subfield code="1">0</subfield>
    <subfield code="2">ddc</subfield>
    <subfield code="5">6</subfield>
    <subfield code="7">0</subfield>
    <subfield code="8">DS</subfield>
    <subfield code="a">BNPHU</subfield>
    <subfield code="b">BNPHU</subfield>
    <subfield code="c">HD</subfield>
    <subfield code="d">2025-05-23</subfield>
    <subfield code="e">Dep&#xF3;sito Legal</subfield>
    <subfield code="l">0</subfield>
    <subfield code="o">BNPHU DS 325.217293 R426p</subfield>
    <subfield code="p">2025-6430</subfield>
    <subfield code="r">2025-07-11</subfield>
    <subfield code="t">e.4</subfield>
    <subfield code="w">2025-07-11</subfield>
    <subfield code="y">LBS1</subfield>
  </datafield>
  <datafield tag="952" ind1=" " ind2=" ">
    <subfield code="0">0</subfield>
    <subfield code="1">0</subfield>
    <subfield code="2">ddc</subfield>
    <subfield code="5">6</subfield>
    <subfield code="7">0</subfield>
    <subfield code="8">DS</subfield>
    <subfield code="a">BNPHU</subfield>
    <subfield code="b">BNPHU</subfield>
    <subfield code="c">HD</subfield>
    <subfield code="d">2025-05-23</subfield>
    <subfield code="e">Dep&#xF3;sito Legal</subfield>
    <subfield code="l">0</subfield>
    <subfield code="o">BNPHU DS 325.217293 R426p</subfield>
    <subfield code="p">2025-6431</subfield>
    <subfield code="r">2025-07-11</subfield>
    <subfield code="t">e.5</subfield>
    <subfield code="w">2025-07-11</subfield>
    <subfield code="y">LBS1</subfield>
  </datafield>
  <datafield tag="999" ind1=" " ind2=" ">
    <subfield code="c">59502</subfield>
    <subfield code="d">59502</subfield>
  </datafield>
</record>
